000
00478nam a2200145Ia 4500
008
100122s9999 xx 000 0 und d
082
_b
37381
_a
822
100
_a
दारव्हेकर पुरुषोत्तम
245
_a
अबोल झाली सतार
260
_b
शिरीष प्रकाशन
_c
1905
300
_a
128
630
_a
अबोल झाली सतार
730
_a
अबोल झाली सतार
942
_c
BOOK
999
_c
419840
_d
419837